| 000 | 01076nam a22002535a 4500 | ||
|---|---|---|---|
| 003 | OSt | ||
| 005 | 20170302095313.0 | ||
| 008 | 170226s2011 ua frb 000 0 ara d | ||
| 015 | _a2011 / 17911 | ||
| 020 | _a9789770468641 | ||
| 040 |
_aEG-ScBUE _bara _cEG-ScBUE |
||
| 043 | _af-ua--- | ||
| 082 | 0 | 4 |
_a346.62015 _bع ي د _222 |
| 100 | 1 | _aعيد، عبد المنعم أحمد سلطان. | |
| 245 | 1 | 0 |
_aوسائل فض المنازعات في مسائل الأحوال الشخصية : _bدراسة مقارنة بين الشريعة الإسلامية والقانون الوضعي / _cإعداد عبد المنعم أحمد سلطان عيد. |
| 260 |
_aالقاهرة : _bدار النهضة العربية، _c[2011] |
||
| 300 |
_a341 ص. ؛ _c24 سم. |
||
| 504 | _aيشتمل على إرجاعات ببليوجرافية. | ||
| 650 | 7 |
_aالأحوال الشخصية _xقوانين وتشريعات _zمصر. _2BUEsh |
|
| 650 | 7 |
_aالأحوال الشخصية (فقه إسلامي) _2BUEsh |
|
| 651 | _2BUEsh | ||
| 653 |
_bLLAAWW _cFebruary2017 |
||
| 942 | _2ddc | ||
| 999 |
_c24284 _d24256 |
||